| 000 | 01918cab a2200517 4500 | ||
|---|---|---|---|
| 001 | ABS46124 | ||
| 008 | 090401t1992 xxu||||| |||| 00| 0 eng d | ||
| 035 | _a(Sirsi) u56905 | ||
| 041 | _aeng | ||
| 245 | _aEstates Times European Review | ||
| 260 | _c1992 | ||
| 300 | _aLOAN | ||
| 350 | _a0 | ||
| 490 |
_aEstates Times _v6 March 1992 (58) |
||
| 520 | _aThe main feature of this Estates Times European Reiew is a special `UK into Europe` report discussing how the UK is responding to the challenge of integration in Europe including Scotland and North of England, the impact of the Channel Tunnel, East Thames Corridor, Maidstone and Thanet. Other features include the state of the commercial property market in the French cities of Lyon, Lile, Toulouse and Nice, the Italian city of Bologna, the German city of Dusseldorf and the Spanish city of Barcelona, host to the 1992 Olympic Games. Expo`92 due to be opened in Seville in April 1992, the evolution of business parks in Europe and comment on the state of the Prague office market are also discussed. Profiles of Eurotunnel, Tartan International and Rodamco. | ||
| 650 | _aBARCELONA | ||
| 650 | _aBUSINESS PARKS | ||
| 650 | _aCHANNEL TUNNEL | ||
| 650 | _aCZECHOSLOVAKIA | ||
| 650 | _aDUSSELDORF | ||
| 650 | _aEAST THAMES CORRIDOR | ||
| 650 | _aEUROPE | ||
| 650 | _aEUROPEAN COMMUNITY | ||
| 650 | _aEUROTUNNEL | ||
| 650 | _aEXPO92 | ||
| 650 | _aFRANCE | ||
| 650 | _aGERMANY | ||
| 650 | _aITALY | ||
| 650 | _aKENT | ||
| 650 | _aLILLE | ||
| 650 | _aLYON | ||
| 650 | _aMAIDSTONE | ||
| 650 | _aNORTH OF ENGLAND | ||
| 650 | _aOLYMPIC GAMES 1992 | ||
| 650 | _aPROPERTY MARKET | ||
| 650 | _aRODAMCO | ||
| 650 | _aSCOTLAND | ||
| 650 | _aSEVILLE | ||
| 650 | _aSPAIN | ||
| 650 | _aTARTAN INTERNATIONAL | ||
| 650 | _aTHANET | ||
| 650 | _aTOULOUSE | ||
| 690 | _aOVERSEAS-EUROPE | ||
| 942 | _n0 | ||
| 948 | _c04/03/1997 | ||
| 999 |
_c34722 _d34722 |
||